[Event "Jastrzebia Gora Fianchetto op"]
[Site "Jastrzebia Gora"]
[Date "2014.??.??"]
[Round "5"]
[White "Koziel, Ryszard"]
[Black "Kolcz, Jozef"]
[Result "1-0"]
[WhiteElo "2025"]
[BlackElo "1563"]
[PlyCount "47"]
[EventDate "2014.08.31"]
[EventType "swiss"]
[EventRounds "9"]
[EventCountry "POL"]
[SourceTitle "CBM 162 Extra"]
[Source "ChessBase"]
[SourceDate "2014.10.17"]
[SourceVersion "1"]
[SourceVersionDate "2014.10.17"]
[SourceQuality "1"]

1. e4 e5 2. Nf3 d6 3. Bc4 h6 4. d3 Be6 5. Bxe6 fxe6 6. 0-0 Nc6 7. c3 Qd7 8. b4 b6 9. a4 a6 10. Na3 0-0-0 11. Be3 Kb7 12. Nc4 Nf6 13. b5 Ne7 14. bxa6+ Kxa6 15. Qb3 Rb8 16. Rfb1 Nc8 17. Na3 Ng4 18. Bd2 d5 19. h3 dxe4 20. dxe4 Bxa3 21. Rxa3 Nf6 22. Be3 Nxe4 23. Qc4+ Kb7 24. Qxe4+ 1-0

[Event "Rowy op 09"]
[Site "Rowy"]
[Date "2012.09.??"]
[Round "7"]
[White "Woronowicz, Zbigniew"]
[Black "Kolcz, Jozef"]
[Result "0-1"]
[WhiteElo "1554"]
[BlackElo "1629"]
[PlyCount "33"]
[EventDate "2012.09.??"]
[EventType "swiss"]
[EventRounds "9"]
[EventCountry "POL"]
[SourceTitle "EXT 2014"]
[Source "ChessBase"]
[SourceDate "2013.11.20"]
[SourceVersion "1"]
[SourceVersionDate "2013.11.20"]
[SourceQuality "1"]

1. Nf3 d5 2. d4 Nc6 3. c4 e6 4. Bf4 Bd6 5. Bd2 dxc4 6. Qc2 b5 7. g3 Bb7 8. Bg2 Nge7 9. 0-0 0-0 10. Nc3 a6 11. a4 b4 12. Nd1 Na5 13. e4 Nb3 14. Ra2 Nxd2 15. Nxd2 b3 16. Qxc4 bxa2 17. Qxa2 0-1

[Event "Brandenburg Seniors op 15th"]
[Site "Rowy"]
[Date "2006.06.27"]
[Round "8"]
[White "Bergmann, Hans Dieter"]
[Black "Kolcz, Jozef"]
[Result "1-0"]
[WhiteElo "1515"]
[BlackElo "1491"]
[PlyCount "91"]
[EventDate "2006.06.19"]
[EventType "swiss"]
[EventRounds "9"]
[EventCountry "POL"]
[SourceTitle "EXT 2007"]
[Source "ChessBase"]
[SourceDate "2006.11.23"]
[SourceVersion "1"]
[SourceVersionDate "2006.11.23"]
[SourceQuality "1"]

1. e4 e6 2. d4 d5 3. Nc3 Bb4 4. e5 Bxc3+ 5. bxc3 Ne7 6. Bg5 h6 7. Bd2 0-0 8. Bd3 f5 9. exf6 Rxf6 10. Nf3 Nbc6 11. 0-0 a5 12. h3 b6 13. Nh2 e5 14. Be3 e4 15. Be2 Ng6 16. c4 Nf4 17. Bxf4 Rxf4 18. cxd5 Qxd5 19. c3 Be6 20. a4 Qg5 21. Bg4 Bxg4 22. Nxg4 Rd8 23. Rb1 h5 24. Rb5 Qh4 25. Ne3 Rf7 26. Rxh5 Qe7 27. Qg4 Rf6 28. Nd5 Rxd5 29. Rxd5 Qe6 30. Qxe6+ Rxe6 31. Re1 Kf7 32. Rd7+ Re7 33. Rxe7+ Nxe7 34. Rxe4 Nd5 35. c4 Nc3 36. Rf4+ Ke7 37. Rg4 Kf6 38. c5 Nxa4 39. c6 Nc3 40. Kf1 b5 41. Rf4+ Ke7 42. Rg4 Kf7 43. Rg5 Kf6 44. Rc5 a4 45. Rxc3 b4 46. Rc4 1-0

[Event "Brandenburg Seniors op 15th"]
[Site "Rowy"]
[Date "2006.06.21"]
[Round "3"]
[White "Barlo, Werner"]
[Black "Kolcz, Jozef"]
[Result "1-0"]
[WhiteElo "1720"]
[BlackElo "1491"]
[PlyCount "111"]
[EventDate "2006.06.19"]
[EventType "swiss"]
[EventRounds "9"]
[EventCountry "POL"]
[SourceTitle "EXT 2007"]
[Source "ChessBase"]
[SourceDate "2006.11.23"]
[SourceVersion "1"]
[SourceVersionDate "2006.11.23"]
[SourceQuality "1"]

1. d4 e6 2. c4 Bb4+ 3. Bd2 Bxd2+ 4. Qxd2 Ne7 5. e4 0-0 6. Nc3 d6 7. Bd3 e5 8. Nge2 Kh8 9. 0-0 f5 10. f4 Nbc6 11. d5 Nb4 12. Bb1 c5 13. a3 Na6 14. fxe5 dxe5 15. Bc2 f4 16. Rad1 Bg4 17. h3 Bxe2 18. Qxe2 Ng6 19. Qg4 Rf6 20. Nb5 Nc7 21. Nc3 a6 22. Na4 b6 23. Rd2 Qd6 24. Nc3 Raf8 25. Rdf2 Ne7 26. Kh2 Rg6 27. Qe2 Qf6 28. Rf3 Ne8 29. Kh1 Qh4 30. Qf2 Rg3 31. Rxg3 Ng6 32. Rg4 Qxf2 33. Rxf2 Nf6 34. Rg5 Re8 35. d6 Rd8 36. Rd2 Nd7 37. Ba4 Ngf8 38. Bxd7 Nxd7 39. Nd5 h6 40. Rg6 Kh7 41. Re6 Nf8 42. Rxe5 Nd7 43. Rf5 g5 44. Nc7 Kg6 45. Nxa6 Nf6 46. Re5 Nd7 47. Re7 Kf6 48. Nc7 Nb8 49. Nd5+ Kg6 50. Re6+ Kg7 51. Nxb6 Nc6 52. d7 Nd4 53. Re8 Rxd7 54. Nxd7 Kf7 55. Rc8 f3 56. Ne5+ 1-0

[Event "Rowy Jantar op"]
[Site "Rowy"]
[Date "2005.06.25"]
[Round "5"]
[White "Kolcz, Jozef"]
[Black "Meller, Hans"]
[Result "0-1"]
[WhiteElo "1200"]
[BlackElo "1483"]
[PlyCount "108"]
[EventDate "2005.06.20"]
[EventType "swiss"]
[EventRounds "9"]
[EventCountry "POL"]
[SourceTitle "EXT 2007"]
[Source "ChessBase"]
[SourceDate "2006.11.23"]
[SourceVersion "1"]
[SourceVersionDate "2006.11.23"]
[SourceQuality "1"]

1. e4 c5 2. f4 d6 3. Nf3 a6 4. Nc3 Nc6 5. d4 cxd4 6. Nxd4 e6 7. Nxc6 bxc6 8. Be3 Qc7 9. Bd3 Nf6 10. 0-0 Be7 11. Qf3 Bb7 12. Qg3 g6 13. h3 Rc8 14. Ne2 c5 15. e5 dxe5 16. fxe5 Nd5 17. Bh6 c4 18. Be4 Bc5+ 19. Kh1 Nb4 20. Bxb7 Qxb7 21. c3 Nd3 22. Rab1 Qa7 23. Nd4 Bxd4 24. cxd4 Qxd4 25. Rbd1 Qxe5 26. Qf3 Qc7 27. Bg7 Rg8 28. Bc3 e5 29. Qe4 Rd8 30. Kh2 f5 31. Qe2 e4+ 32. g3 h5 33. Qe3 h4 34. Bf6 hxg3+ 35. Qxg3 Qxg3+ 36. Kxg3 Rd7 37. h4 Kf7 38. Bc3 Rb7 39. Rd2 Ke6 40. Rh1 Kd5 41. Kg2 f4 42. Rhd1 Ke6 43. Kh3 Kf5 44. Rg1 g5 45. Rxg5+ Rxg5 46. hxg5 Rh7+ 47. Kg2 Kxg5 48. a4 Rh4 49. Ba5 Kg4 50. Kf1 f3 51. Rc2 e3 52. Bb6 e2+ 53. Rxe2 fxe2+ 54. Kxe2 Nxb2 0-1